Biscuits/Cookies around the world by Images - Statistics

General Stats
  • This quiz has been taken 26 times
  • The average score is 3 of 16
Answer Stats
Picture Answer % Correct
Macaron
96%
Biscotti
65%
Stroopwafel
43%
Alfajor
22%
Anzac Biscuits
22%
Zimtsterne
13%
Yakgwa
4%
Kolaczki
0%
Krumkake
0%
Linzer cookie
0%
Paprenjak
0%
Pizzelle
0%
Polvorones
0%
Richbond Cookies
0%
Rogaliki
0%
Sekerpare
0%
No matching quizzes found
Score Distribution
Percent of People with Each Score
Percentile by Number Answered
Your Score History
You have not taken this quiz